00568nam a2200181Ia 4500008004100000020002200041100002000063245007500083260004200158300002900200500002000229504004100249650002400290650004500314003000100359005001700360040000900377  a085072113X (hbk.)1 aAbbott, Howard.10aSafe enough to sell? :bdesign and product liability /cHoward Abbott. aLondon :bThe Design Council,cc1980. a192 p. :bill. ;c24 cm. aIncludes index. aIncludes bibliographical references. 0aProducts liability. 0aProducts liabilityxLaw and legislation.20230123133244.0 cNUST